00905pamaa22002411i 4500003000900000005001700009008004100026020001500067020001800082040003800100050001900138082002300157100003400180245006700214260003100281264003100312300004600343504005100389650002400440700002000464856008900484856009000573EG-GICUC20260628112237.0921006s1993 nyua jrb 000 0 eng  a0471517968 a9780471517962 aEG-GICUCcEG-GICUCdEG-GICUCbeng00a620.0042bEr8800a620.0042220bEr881 aErtas, Atila,d1944-eAuthor.14aThe engineering design process /cAtila Ertas, Jesse C. Jones. aNew York :bWiley,cc1993. aNew York :bWiley,cc1993. axiv, 525 page. :billustration. ;c26 cm. aIncludes bibliographical references and index. 0aEngineering design.1 aJones, Jesse C.423Publisher descriptionuhttp://www.loc.gov/catdir/enhancements/fy0607/92034615-d.html413Table of contents onlyuhttp://www.loc.gov/catdir/enhancements/fy0607/92034615-t.html